Normal view
MARC view
- Brig. Dr. Shoab Ahmed Khan Ali Syed (CARE)
Entry Personal Name
001 - CONTROL NUMBER
- control field: 72947
003 - CONTROL NUMBER IDENTIFIER
- control field: NUST
005 - DATE AND TIME OF LATEST TRANSACTION
- control field: 20210628204939.0
008 - FIXED-LENGTH DATA ELEMENTS
- fixed length control field: 210628|| aca||aabn | a|a d
040 ## - CATALOGING SOURCE
- Original cataloging agency: NUST
- Transcribing agency: NUST
100 ## - HEADING--PERSONAL NAME
- Personal name: Brig. Dr. Shoab Ahmed Khan Ali Syed (CARE)
670 ## - SOURCE DATA FOUND
- Source citation: Work cat.: (NUST): NC Hamza Sohail NC Muhammad Khizar Hayyat NC Muhammad Saariya Faiz NC Umer Abdullah 72945, PR-SOF-1872-RTSPS - IoT based Real Time Safety Precaution System
